[Event "Druzynowe Mistrzostwa Polski w Szachach I LIGA 2021"]
[Site "Szklarska Poreba"]
[Date "1899-12-30"]
[Round "8.46"]
[White "Pinski, Jan"]
[Black "Musial, Tomasz"]
[Result "1/2-1/2"]
[WhiteTitle "IM"]
[BlackTitle "k"]
[WhiteElo "2337"]
[BlackElo "2096"]

1. e4 e6 2. d4 d5 3. Nc3 Nf6 4. e5 Nfd7 5. f4 c5 6. Nf3 Nc6 7. Be3 a6 8. Qd2 b5
9. h4 Qb6 10. h5 cxd4 11. Nxd4 Bc5 12. Nce2 b4 13. Rh3 a5 14. O-O-O Ba6 15. Nxc6
Qxc6 16. Nd4 Bxd4 17. Bxd4 Nc5 18. Bxa6 Rxa6 19. Kb1 Qb5 20. g4 Rc6 21. f5 Ne4
22. Qd3 Qc4 23. a4 O-O 24. Qxc4 Rxc4 25. b3 Rc6 26. Rg1 Rfc8 27. Rg2 h6 28. Kb2
R8c7 29. Rf3 Rc8 30. Rd3 R8c7 31. Rd1 Rc8 32. Rc1 R8c7 33. Rh2 Rc8 34. Rh3 R8c7
35. Re3 Rc8 36. Rd3 R8c7 37. Re3 Rc8 38. Rh3 R8c7 39. Rh2 Rc8 40. Rg1 R8c7 41.
Be3 Kh7 42. Rf1 Kg8 43. Rg1 Kh7 44. Bd4 Kg8 45. Rgg2 Rc8 46. Rh3 R8c7 47. Rf3
Rc8 48. Kc1 R8c7 49. Rf1 Rc8 50. Kb2 R8c7 51. Rfg1 Rc8 52. Re2 Kh7 53. Be3 R8c7
54. fxe6 fxe6 55. g5 hxg5 56. Bxg5 Nxg5 57. Rxg5 Kh6 58. Rg3 Kh7 59. Rg6 Re7 60.
Re3 Rf7 61. Reg3 Rf2 62. Rxg7+ Kh6 63. R7g6+ 1/2-1/2

[Event "Druzynowe Mistrzostwa Polski w Szachach I LIGA 2021"]
[Site "Szklarska Poreba"]
[Date "1899-12-30"]
[Round "8.47"]
[White "Bielczyk, Jacek"]
[Black "Brzeski, Maciej"]
[Result "0-1"]
[WhiteTitle "IM"]
[BlackTitle "m"]
[WhiteElo "2264"]
[BlackElo "2358"]

1. e4 c5 2. Nf3 Nc6 3. Bb5 g6 4. O-O Bg7 5. c3 Nf6 6. Re1 O-O 7. d4 d5 8. e5 Ne4
9. Bxc6 bxc6 10. Nbd2 cxd4 11. cxd4 c5 12. dxc5 Nxc5 13. Nb3 Nxb3 14. Qxb3 Bg4
15. Nd4 Qb6 16. Qxb6 axb6 17. Bd2 Rfc8 18. a3 Rc4 19. Bc3 Bh6 20. f3 Bd7 21. Kf2
e6 22. g3 Bf8 23. Re3 Bc5 24. Rd3 b5 25. Rc1 Rc8 26. Ke3 f6 27. f4 fxe5 28. fxe5
Bf8 29. Rc2 Bg7 30. Nf3 g5 31. Rg2 Re4+ 32. Kd2 g4 33. Nd4 Rxe5 34. Ne2 Bh6+ 35.
Nf4 Re4 36. Re2 Rxe2+ 37. Kxe2 b4 0-1

[Event "Druzynowe Mistrzostwa Polski w Szachach I LIGA 2021"]
[Site "Szklarska Poreba"]
[Date "1899-12-30"]
[Round "8.48"]
[White "Michna, Marta"]
[Black "Murawko, Katarzyna"]
[Result "1/2-1/2"]
[WhiteTitle "WGM"]
[BlackTitle "WCM"]
[WhiteElo "2323"]
[BlackElo "1974"]

1. Nf3 Nf6 2. g3 g6 3. Bg2 Bg7 4. O-O O-O 5. d3 d5 6. Nbd2 d4 7. e4 c5 8. h3 Nc6
9. Ne1 e5 10. a4 Be6 11. f4 Qc8 12. g4 exf4 13. Ndf3 h5 14. g5 Ng4 15. hxg4 hxg4
16. Bxf4 gxf3 17. Qxf3 Be5 18. Qg3 Qc7 19. Bxe5 Qxe5 20. Qh4 Qh8 21. Qg3 Qe5 22.
Rf4 Kg7 23. Nf3 Qc7 24. Rf1 Rh8 25. Nh4 Qe5 26. Nf3 Qc7 27. Nh2 Qe5 28. Nf3 Qc7
29. c3 1/2-1/2

[Event "Druzynowe Mistrzostwa Polski w Szachach I LIGA 2021"]
[Site "Szklarska Poreba"]
[Date "1899-12-30"]
[Round "8.49"]
[White "Bobula, Mateusz"]
[Black "Goluch, Piotr"]
[Result "1-0"]
[WhiteTitle "IM"]
[BlackTitle "IM"]
[WhiteElo "2329"]
[BlackElo "2318"]

1. d4 Nf6 2. c4 e6 3. Nf3 b6 4. g3 Ba6 5. b3 Bb4+ 6. Bd2 Be7 7. Bg2 d5 8. Ne5 O-O
9. O-O Bb7 10. Nc3 Nbd7 11. Bf4 Re8 12. Rc1 c5 13. cxd5 exd5 14. Nxd7 Qxd7 15.
dxc5 bxc5 16. Bg5 d4 17. Bxb7 Qxb7 18. Bxf6 Bxf6 19. Na4 Qe7 20. Re1 Rac8 21.
Rc4 h5 22. Qc2 h4 23. Nxc5 h3 24. Nd3 Qe4 25. f3 Qe3+ 26. Kf1 Rcd8 27. Qc1 Qe6
28. Nf4 Qa6 29. Qc2 Bg5 30. Rc6 Qa3 31. Nxh3 Be3 32. Nf2 Qa5 33. Nd3 Bd2 34. Rb1
Bc3 35. e4 Rc8 36. Rxc8 Rxc8 37. Kg2 Qa6 38. Rc1 f5 39. e5 Qe6 40. h4 a5 41. Qe2
Re8 42. Rc2 Qd5 43. Qd1 f4 44. Nxf4 Qxe5 45. Re2 Qb8 46. Rxe8+ Qxe8 47. Qe2 Qb8
48. Qe6+ Kh7 49. Qg6+ Kh8 50. Ne6 d3 51. Ng5 1-0

[Event "Druzynowe Mistrzostwa Polski w Szachach I LIGA 2021"]
[Site "Szklarska Poreba"]
[Date "1899-12-30"]
[Round "8.50"]
[White "Dzida, Kamil"]
[Black "Toczek, Grzegorz"]
[Result "1/2-1/2"]
[WhiteTitle "k+"]
[BlackTitle "FM"]
[WhiteElo "2224"]
[BlackElo "2271"]

1. e4 c5 2. Nf3 Nc6 3. d4 cxd4 4. Nxd4 Nf6 5. Nc3 d6 6. Bg5 g6 7. Bxf6 exf6 8.
Nd5 Bg7 9. Nb5 O-O 10. Nbc3 f5 11. exf5 Bxf5 12. Qd2 Re8+ 13. Ne3 Nb4 14. O-O-O
Rc8 15. Nxf5 gxf5 16. Kb1 Rxc3 17. bxc3 Nxa2 18. Kxa2 Qa5+ 19. Kb3 Qb6+ 20. Ka4
Qc6+ 21. Ka3 Qc5+ 22. Kb3 Qb6+ 23. Ka4 Qc6+ 24. Kb3 Qb6+ 1/2-1/2

[Event "Druzynowe Mistrzostwa Polski w Szachach I LIGA 2021"]
[Site "Szklarska Poreba"]
[Date "1899-12-30"]
[Round "8.51"]
[White "Kyc, Jerzy"]
[Black "Jankowiak, Tomasz"]
[Result "1-0"]
[WhiteTitle "m"]
[BlackTitle "k"]
[WhiteElo "2252"]
[BlackElo "2169"]

1. e4 c5 2. Nf3 Nf6 3. Nc3 d6 4. d4 cxd4 5. Nxd4 g6 6. Be3 Bg7 7. f3 O-O 8. Qd2
Nc6 9. O-O-O d5 10. exd5 Nxd5 11. Nxc6 bxc6 12. Bd4 Bxd4 13. Qxd4 Qb6 14. Na4
Qc7 15. Bc4 Rd8 16. g3 Bh3 17. Qf2 Nb6 18. Nxb6 axb6 19. Qe2 h5 20. Kb1 Rxd1+
21. Rxd1 Rd8 22. Re1 Qd6 23. a3 e6 24. Bd3 Qc5 25. Qe3 Qxe3 26. Rxe3 Kg7 27. Kc1
Kf6 28. b4 e5 29. Be4 Bd7 30. Rc3 Rc8 31. a4 Ke6 32. a5 f5 33. Bd3 c5 34. axb6
cxb4 35. Rxc8 Bxc8 36. Bc4+ Kd6 37. Bf7 g5 38. Bxh5 Kc6 39. Kd2 Kxb6 40. h4 f4
41. hxg5 fxg3 42. Ke3 Bf5 43. Bf7 Bxc2 44. g6 g2 45. Kf2 b3 46. g7 g1=Q+ 47. Kxg1
b2 48. g8=Q b1=Q+ 49. Kf2 Kc7 50. Qg7 Qb6+ 51. Kg2 e4 52. Bg6+ Kb8 53. Bxe4 Bxe4
54. fxe4 Kc8 55. Kf3 Kd8 56. Qf8+ Kd7 57. Qf7+ Kd8 58. e5 Qc6+ 59. Kf4 Qh6+ 60.
Kg4 Qe3 61. e6 Qe4+ 62. Kg5 Qe5+ 63. Kh6 Qe3+ 64. Kh7 Qe4+ 65. Kg7 Qg4+ 66. Kf8
Qb4+ 67. e7+ Kc7 68. Qf5 Kb7 69. Qe5 Ka7 70. Qc7+ Ka8 71. Qc6+ Ka7 72. Ke8 Qh4
73. Kd8 Qg5 74. Kd7 Qf5+ 75. Kc7 Qa5+ 76. Kc8 Qg5 77. Qb7# 1-0

[Event "Druzynowe Mistrzostwa Polski w Szachach I LIGA 2021"]
[Site "Szklarska Poreba"]
[Date "1899-12-30"]
[Round "8.52"]
[White "Jankowiak, Piotr"]
[Black "Sernecki, Franciszek"]
[Result "1/2-1/2"]
[WhiteTitle "k"]
[BlackTitle "FM"]
[WhiteElo "2080"]
[BlackElo "2211"]

1. e4 c6 2. d4 d5 3. Nc3 dxe4 4. Nxe4 Nd7 5. Nf3 Ngf6 6. Nxf6+ Nxf6 7. Bc4 Bf5
8. O-O e6 9. Re1 Bd6 10. Ne5 O-O 11. c3 Qc7 12. Bf4 Rad8 13. Qf3 c5 14. Rad1 a6
15. Bb3 b5 16. dxc5 Qxc5 17. h3 a5 18. g4 Bg6 19. Nxg6 hxg6 20. Bxd6 Rxd6 21.
Rxd6 Qxd6 22. Rd1 Qc5 23. Qe3 Qxe3 24. fxe3 a4 25. Bc2 Nd5 26. Kf2 a3 27. Bb3
axb2 28. Bxd5 exd5 29. Rb1 Rc8 30. Rxb2 Rxc3 31. Rxb5 Rc2+ 32. Kf3 Rxa2 33. Rxd5
1/2-1/2

[Event "Druzynowe Mistrzostwa Polski w Szachach I LIGA 2021"]
[Site "Szklarska Poreba"]
[Date "1899-12-30"]
[Round "8.53"]
[White "Gesicki, Jacek"]
[Black "Statucki, Maciej"]
[Result "1/2-1/2"]
[WhiteTitle "FM"]
[BlackTitle "I"]
[WhiteElo "2166"]
[BlackElo "1833"]

1. e4 c5 2. Nf3 Nc6 3. d4 cxd4 4. Nxd4 Nf6 5. Nc3 e5 6. Ndb5 d6 7. Bg5 a6 8. Na3
b5 9. Nd5 Be7 10. Nxe7 Nxe7 11. Qf3 Bg4 12. Qg3 Qa5+ 13. c3 Be6 14. Bxf6 gxf6
15. Nc2 Rd8 16. Qg7 Rg8 17. Qxf6 Rg6 18. Qf3 d5 19. h3 f5 20. exd5 Nxd5 21. O-O-O
Qxa2 22. Qe2 e4 23. c4 Nc7 24. Rxd8+ Kxd8 25. Qe3 bxc4 26. Be2 Qb3 27. Rd1+ Kc8
28. Qc5 Qb5 29. Qf8+ Qe8 30. Qc5 Qb5 31. Qf8+ Qe8 1/2-1/2

[Event "Druzynowe Mistrzostwa Polski w Szachach I LIGA 2021"]
[Site "Szklarska Poreba"]
[Date "1899-12-30"]
[Round "8.54"]
[White "Czarniecka, Aleksandra"]
[Black "Trybowska, Barbara"]
[Result "1-0"]
[WhiteTitle "m"]
[BlackTitle "I++"]
[WhiteElo "2021"]
[BlackElo "1806"]

1. e4 c5 2. Nf3 d6 3. d4 cxd4 4. Nxd4 Nf6 5. Nc3 g6 6. Be2 a6 7. O-O Bg7 8. Bg5
O-O 9. Re1 Nc6 10. Nb3 b5 11. Bf1 h6 12. Bh4 Bb7 13. Rb1 Rc8 14. Qd2 g5 15. Bg3
Nh5 16. Ne2 Qb6 17. c3 Rfd8 18. Ned4 Nxg3 19. hxg3 e6 20. Nxc6 Qxc6 21. Na5 Qc7
22. Nxb7 Qxb7 23. Rbd1 Qb6 24. Re3 Be5 25. Kh1 Qc6 26. Rde1 Kg7 27. Rd3 a5 28.
f4 Bf6 29. a3 Rb8 30. Qe3 Rd7 31. Red1 Rbd8 32. Be2 d5 33. Qd2 Qc5 34. b4 axb4
35. axb4 Qb6 36. Qe1 Qc7 37. Qd2 Qb6 38. Ra1 Rc7 39. Ra5 Rc4 40. e5 Be7 41. Rf3
d4 42. Bxc4 bxc4 43. fxg5 Bxg5 44. Qf2 Rd7 45. cxd4 Qxb4 46. Ra1 c3 47. Rf1 Qxd4
48. Rxf7+ Kg6 49. Rxd7 Qxd7 50. Qc2+ Kg7 51. Qxc3 1-0

[Event "Druzynowe Mistrzostwa Polski w Szachach I LIGA 2021"]
[Site "Szklarska Poreba"]
[Date "1899-12-30"]
[Round "8.55"]
[White "Lubczynski, Rafal"]
[Black "Maciejczak, Jakub"]
[Result "1/2-1/2"]
[WhiteTitle "IM"]
[BlackTitle "FM"]
[WhiteElo "2429"]
[BlackElo "2363"]

1. d4 d5 2. Nf3 Nf6 3. c4 e6 4. g3 Be7 5. Bg2 O-O 6. O-O dxc4 7. Qa4 a6 8. Qxc4
b5 9. Qc2 Bb7 10. Bd2 Ra7 11. Rc1 Be4 12. Qd1 Bxf3 13. Bxf3 Qxd4 14. a4 b4 15.
Qb3 c5 16. Be3 Qe5 17. Nd2 Qf5 18. Rc4 Nbd7 19. Rf4 Qe5 20. Rxb4 cxb4 21. Bxa7
Bc5 22. Nc4 Qc7 23. Bxc5 Qxc5 24. Rd1 Rc8 25. Ne3 a5 26. Bb7 Rc7 27. Ba6 h5 28.
Bb5 Ne5 29. h3 h4 30. g4 g5 31. Rd2 Ne4 32. Rc2 Qd6 33. Rxc7 Qxc7 34. Qc2 Nc5
35. Qd2 Kf8 36. Ng2 f6 37. f4 Nf7 38. Qe3 Qd6 39. fxg5 fxg5 40. Ne1 Ke7 41. Nf3
Qg3+ 42. Kf1 Qxh3+ 43. Ke1 Qg3+ 44. Kf1 Nb7 45. Qa7 Qh3+ 46. Ke1 Qg3+ 47. Kf1
Qh3+ 48. Ke1 Qg3+ 49. Kf1 1/2-1/2

[Event "Druzynowe Mistrzostwa Polski w Szachach I LIGA 2021"]
[Site "Szklarska Poreba"]
[Date "1899-12-30"]
[Round "8.56"]
[White "Kucza, Karol"]
[Black "Chojnacki, Krzysztof"]
[Result "1/2-1/2"]
[WhiteTitle "FM"]
[BlackTitle "IM"]
[WhiteElo "2322"]
[BlackElo "2377"]

1. e4 e5 2. Nf3 Nc6 3. Bb5 a6 4. Ba4 Nf6 5. O-O Be7 6. Re1 b5 7. Bb3 d6 8. c3 O-O
9. h3 Nb8 10. d4 Nbd7 11. Nbd2 Bb7 12. Bc2 Re8 13. Nf1 Bf8 14. Ng3 g6 15. a4 c5
16. d5 c4 17. Bg5 Nc5 18. Nh2 Be7 19. Be3 Nfd7 20. Ng4 Bg5 21. Qd2 Bxe3 22. Qxe3
Qe7 23. Nh6+ Kh8 24. Rf1 Rf8 25. axb5 axb5 26. Rxa8 Bxa8 27. Ra1 Bb7 28. Ra5 Ba6
29. Ne2 Qd8 30. Ra1 Qh4 31. Ng3 Nf6 32. Ra5 Nfd7 33. Ra1 Nf6 34. Ra5 Nfd7 1/2-1/2

[Event "Druzynowe Mistrzostwa Polski w Szachach I LIGA 2021"]
[Site "Szklarska Poreba"]
[Date "1899-12-30"]
[Round "8.57"]
[White "Raczynski, Krzysztof"]
[Black "Janaszak, Dawid"]
[Result "1-0"]
[WhiteTitle "k+"]
[BlackTitle "FM"]
[WhiteElo "2193"]
[BlackElo "2348"]

1. e4 c5 2. Nf3 Nc6 3. d4 cxd4 4. Nxd4 g6 5. c4 Nf6 6. Nc3 d6 7. Be2 Nxd4 8. Qxd4
Bg7 9. Be3 O-O 10. Qd2 a5 11. O-O a4 12. f3 Qa5 13. Rac1 Be6 14. Rfd1 Rfc8 15.
Nb5 Nd7 16. Rc2 Ne5 17. b4 axb3 18. axb3 Nc6 19. Qxa5 Rxa5 20. Kf2 Ne5 21. Rcd2
h5 22. h3 Nd7 23. g4 hxg4 24. hxg4 Rca8 25. Nc7 Rf8 26. Rc2 Ne5 27. g5 Ra3 28.
Rb1 Bd7 29. Nd5 Nc6 30. c5 dxc5 31. Bxc5 Bd4+ 32. Bxd4 Nxd4 33. Nxe7+ Kg7 34.
Rd2 Nxe2 35. Kxe2 Be6 36. Nd5 Rh8 37. Ke3 Ra5 38. Rc1 Ra3 39. Rc3 Rh1 40. Nf4
Bh3 41. Nxh3 Rxh3 42. Rd7 b6 43. Rb7 Ra5 44. Rcc7 Rb5 45. Rxf7+ Kg8 46. Rg7+ Kf8
47. Rgc7 Rxb3+ 48. Kd4 Rb4+ 49. Ke5 1-0

[Event "Druzynowe Mistrzostwa Polski w Szachach I LIGA 2021"]
[Site "Szklarska Poreba"]
[Date "1899-12-30"]
[Round "8.58"]
[White "Dudzinski, Piotr"]
[Black "Wojdak, Jan"]
[Result "1/2-1/2"]
[WhiteTitle "FM"]
[BlackTitle "I++"]
[WhiteElo "2321"]
[BlackElo "2185"]

1. e4 e5 2. Nf3 Nc6 3. Bc4 Nf6 4. d3 Be7 5. O-O O-O 6. Bb3 d6 7. c3 Na5 8. Bc2
c5 9. Nbd2 Nc6 10. Re1 Re8 11. Nf1 h6 12. h3 Bf8 13. d4 Qc7 14. d5 1/2-1/2

[Event "Druzynowe Mistrzostwa Polski w Szachach I LIGA 2021"]
[Site "Szklarska Poreba"]
[Date "1899-12-30"]
[Round "8.59"]
[White "Bardeli, Lukasz"]
[Black "Dudzinski, Pawel"]
[Result "1/2-1/2"]
[WhiteTitle "FM"]
[BlackTitle "FM"]
[WhiteElo "2178"]
[BlackElo "2203"]

1. Nf3 d5 2. g3 Nf6 3. Bg2 e6 4. O-O Be7 5. d3 O-O 6. Nbd2 b6 7. e4 Bb7 8. e5 Nfd7
9. Re1 c5 10. Nf1 d4 11. h4 Nc6 12. N1h2 Qc7 13. Bf4 Nb4 14. Ng4 Nd5 15. Bg5 Rae8
16. Bd2 a5 17. h5 a4 18. h6 g6 19. a3 b5 20. Bg5 Bc6 21. Qd2 Qb7 22. Bxe7 Nxe7
23. Ngh2 f5 24. Qg5 Nb6 25. Nh4 Bd5 26. N2f3 Nc6 27. Qf4 Nd8 28. c3 dxc3 29. bxc3
Qd7 30. Rab1 Bb3 31. c4 Qxd3 32. Bf1 Qd7 33. cxb5 Nd5 34. Qc1 Nf7 35. Bc4 Bxc4
36. Qxc4 Qe7 37. Rec1 g5 38. Nxf5 exf5 39. Qxd5 g4 40. Nh4 Qxe5 41. Rxc5 Qxd5
42. Rxd5 Nxh6 43. Rb4 Re4 44. Rxe4 fxe4 45. b6 Rb8 46. Rb5 Kf8 47. Kf1 Ke7 48.
Ke2 Kd7 49. Ke3 Kc6 50. Rb4 Rxb6 51. Rxa4 Nf7 52. Kxe4 Nd6+ 53. Kf4 Rb2 54. Kxg4
Rxf2 55. Kh5 Ra2 56. g4 Kb5 57. Ra8 Ne4 58. g5 Kc4 59. Ra4+ Kd3 60. Nf5 Rh2+ 61.
Nh4 Rh1 62. Ra7 Kc3 63. Rxh7 Nxg5 64. Kxg5 Ra1 65. Ra7 Kb3 66. Nf3 Rxa3 67. Nd4+
Kb2 68. Rb7+ Kc1 69. Kf4 Kd2 70. Nf3+ Kd3 71. Rd7+ Kc3 72. Ke4 Ra8 73. Rc7+ Kb4
74. Nd4 Rh8 75. Nc2+ Kb5 76. Nd4+ Kb4 77. Nf5 Re8+ 78. Kd5 Rh8 79. Rc4+ Ka3 80.
Ke4 Kb3 81. Rc7 Kb4 82. Kd3 Rd8+ 83. Nd4 Rh8 84. Rc4+ Ka5 85. Rc5+ Kb6 86. Kc4
Rh1 87. Rc6+ Kb7 88. Rg6 Rc1+ 89. Kb5 Rb1+ 90. Kc5 Rc1+ 91. Kd6 Rd1 92. Rg7+ Kb6
93. Kd5 Rh1 94. Rg5 Rd1 95. Rh5 Rg1 96. Rh6+ Kb7 97. Rh7+ 1/2-1/2

[Event "Druzynowe Mistrzostwa Polski w Szachach I LIGA 2021"]
[Site "Szklarska Poreba"]
[Date "1899-12-30"]
[Round "8.60"]
[White "Czerwinska, Milena"]
[Black "Szelag, Zuzanna"]
[Result "1/2-1/2"]
[WhiteTitle "WFM"]
[BlackTitle "k"]
[WhiteElo "1983"]
[BlackElo "1839"]

1. e4 c5 2. Nf3 d6 3. d4 cxd4 4. Nxd4 Nf6 5. Nc3 a6 6. Be3 e5 7. Nb3 Be7 8. f3
Be6 9. Qd2 h5 10. Nd5 Nxd5 11. exd5 Bf5 12. Bd3 Bxd3 13. Qxd3 Bg5 14. O-O Bxe3+
15. Qxe3 O-O 16. f4 Nd7 17. Nd2 Qc7 18. c4 Rae8 19. fxe5 Nxe5 20. Qd4 Ng4 21.
Rae1 Qd8 22. Nf3 Rxe1 23. Rxe1 Re8 24. Rxe8+ Qxe8 25. h3 Nf6 26. b3 1/2-1/2

[Event "Druzynowe Mistrzostwa Polski w Szachach I LIGA 2021"]
[Site "Szklarska Poreba"]
[Date "1899-12-30"]
[Round "8.61"]
[White "Marczuk, Dominik"]
[Black "Niekras, Dawid"]
[Result "1/2-1/2"]
[WhiteTitle "FM"]
[BlackTitle "FM"]
[WhiteElo "2280"]
[BlackElo "2286"]

1. d4 Nf6 2. c4 g6 3. Nc3 Bg7 4. e4 d6 5. Nf3 O-O 6. Be2 Na6 7. O-O e5 8. Be3 Ng4
9. Bg5 Qe8 10. Re1 exd4 11. Nxd4 Qe5 12. Nf3 Qc5 13. Bh4 Be6 14. Rc1 Ne5 15. Nd4
Bxc4 16. Nd5 Bxe2 17. Nxe2 Qa5 18. a3 c6 19. Nf6+ Bxf6 20. Bxf6 Nd7 21. Bc3 Qc7
22. Qd4 f6 23. Rcd1 Ndc5 24. b4 Ne6 25. Qxd6 Qxd6 26. Rxd6 Rae8 27. f4 Nac7 28.
Bb2 Nb5 29. Rd7 Rf7 30. Red1 Nf8 31. Rxf7 Kxf7 32. Ng3 Re7 33. Kf2 Rd7 34. Rxd7+
Nxd7 35. Ke3 c5 36. Kd3 1/2-1/2

[Event "Druzynowe Mistrzostwa Polski w Szachach I LIGA 2021"]
[Site "Szklarska Poreba"]
[Date "1899-12-30"]
[Round "8.62"]
[White "Zakrzewski, Marek"]
[Black "Chmiel, Marcin"]
[Result "0-1"]
[WhiteTitle "FM"]
[BlackTitle "k+"]
[WhiteElo "2273"]
[BlackElo "2232"]

1. e4 c5 2. Nf3 d6 3. Bb5+ Bd7 4. Bxd7+ Nxd7 5. O-O Ngf6 6. Qe2 g6 7. c3 Bg7 8.
d4 O-O 9. e5 dxe5 10. dxe5 Ng4 11. e6 Nde5 12. Nxe5 Nxe5 13. Rd1 Qb6 14. f4 Nc6
15. Na3 Rad8 16. exf7+ Rxf7 17. Rxd8+ Qxd8 18. Be3 b6 19. Rd1 Qc8 20. Qc4 Qf5
21. h3 h5 22. Nb5 Bh6 23. Rf1 Ne5 24. Qd5 e6 25. Qd1 Qd3 26. Qxd3 Nxd3 27. Rd1
Nxf4 28. Kh2 Kh7 29. Rd8 Nd5 30. Nd6 Bf4+ 31. Bxf4 Rxf4 32. Rd7+ Kg8 33. Rxa7
h4 34. Ra8+ Kg7 35. Ra7+ Kf8 36. g3 Rf2+ 37. Kg1 hxg3 38. Ne4 Rxb2 39. Nxg3 Nxc3
40. Rb7 Rxa2 41. Rxb6 Ne2+ 42. Nxe2 Rxe2 43. Rc6 Re5 44. Rc7 g5 45. Kf2 Ke8 46.
Kf3 Kd8 47. Ra7 c4 48. Ra4 Rc5 49. Ke2 c3 50. Kd1 c2+ 51. Kc1 Ke7 52. h4 gxh4
53. Rxh4 Kd6 54. Rh2 Rc4 55. Rd2+ Ke5 56. Re2+ Kd5 57. Rd2+ Ke4 58. Re2+ Kf5 59.
Rf2+ Kg4 60. Re2 Rc6 61. Re1 Kf3 62. Rf1+ Ke2 63. Rf6 Ke3 64. Rg6 Kf4 65. Rf6+
Kg5 66. Rf1 e5 67. Rg1+ Kf4 68. Rf1+ Kg3 69. Re1 Rc5 70. Rg1+ Kf2 71. Rg5 Kf3
72. Rf5+ Kg4 73. Rf8 e4 74. Re8 Rc4 75. Re7 Kf3 76. Rf7+ Ke2 77. Re7 e3 78. Rf7
Kd3 79. Rd7+ Rd4 80. Rh7 e2 81. Rh1 Re4 82. Re1 Rf4 0-1

[Event "Druzynowe Mistrzostwa Polski w Szachach I LIGA 2021"]
[Site "Szklarska Poreba"]
[Date "1899-12-30"]
[Round "8.63"]
[White "Gbyl, Andrzej"]
[Black "Selbes, Tarik"]
[Result "1/2-1/2"]
[WhiteTitle "k+"]
[BlackTitle "FM"]
[WhiteElo "2204"]
[BlackElo "2260"]

1. d4 Nf6 2. Nf3 g6 3. c4 Bg7 4. Nc3 O-O 5. e4 d6 6. Be2 Bg4 7. Be3 Nfd7 8. Ng1
Bxe2 9. Ngxe2 c5 10. d5 Na6 11. O-O Nc7 12. Qd2 a6 13. a4 Rb8 14. Bh6 b5 15. axb5
axb5 16. Bxg7 Kxg7 17. b3 bxc4 18. bxc4 Rb4 19. Ra4 Qb8 20. f4 Rxa4 21. Nxa4 Qb3
22. Qc3+ Qxc3 23. Nexc3 Rb8 24. Rb1 Rb4 25. Kf2 Nf6 26. Rxb4 cxb4 27. Nb5 Na6
28. Ke3 g5 29. e5 Ng4+ 30. Kd4 gxf4 31. exd6 exd6 32. Nxd6 Ne3 33. g3 fxg3 34.
hxg3 Nc2+ 35. Kd3 Na3 36. Nb5 Kf6 37. Nd4 Ke5 38. Nf3+ Kd6 39. Ng5 f5 40. Ne6
h5 41. Nf4 Nc5+ 42. Nxc5 Kxc5 43. Ne6+ Kd6 44. Nf4 b3 45. Kc3 Nxc4 46. Kxb3 Ne3
47. Nxh5 Kxd5 48. Ng7 1/2-1/2

[Event "Druzynowe Mistrzostwa Polski w Szachach I LIGA 2021"]
[Site "Szklarska Poreba"]
[Date "1899-12-30"]
[Round "8.64"]
[White "Hemmerling, Jaroslaw"]
[Black "Golda, Sebastian"]
[Result "0-1"]
[WhiteTitle "I++"]
[BlackTitle "k"]
[WhiteElo "1935"]
[BlackElo "2053"]

1. e4 c5 2. Nf3 d6 3. Nc3 a6 4. a4 g6 5. d4 cxd4 6. Nxd4 Bg7 7. Be3 Nc6 8. Be2
Nf6 9. O-O O-O 10. h3 Bd7 11. Qd2 Rc8 12. Rad1 Qc7 13. f4 Nxd4 14. Bxd4 Bc6 15.
Qe3 Nd7 16. Bxg7 Kxg7 17. Bg4 Rcd8 18. Bxd7 Rxd7 19. f5 Qa5 20. Kh1 Qe5 21. b4
Rc7 22. Qb6 Rfc8 23. Nd5 Bxd5 24. Rxd5 Qxe4 25. f6+ exf6 26. Qxd6 Rc6 27. Rd4
Rxd6 28. Rxe4 Rxc2 29. Re7 Ra2 30. a5 b6 31. Ra7 bxa5 32. bxa5 Rxa5 33. Rc1 f5
34. Rcc7 Rf6 35. Kh2 f4 36. h4 Ra2 37. h5 f3 38. h6+ Kxh6 39. Rxf7 Rxg2+ 40. Kh1
Rxf7 41. Rxf7 Ra2 42. Rxf3 a5 43. Rh3+ Kg7 44. Rc3 h5 45. Rc7+ Kh6 46. Rc6 a4
47. Rb6 a3 48. Ra6 h4 49. Ra4 Kh5 50. Kg1 g5 51. Kh1 h3 52. Kg1 g4 53. Kh1 Kh4
54. Rc4 Rb2 55. Rd4 a2 56. Ra4 Kg3 57. Ra3+ Kf2 58. Ra4 g3 59. Rxa2 g2+ 0-1

[Event "Druzynowe Mistrzostwa Polski w Szachach I LIGA 2021"]
[Site "Szklarska Poreba"]
[Date "1899-12-30"]
[Round "8.65"]
[White "Warchol, Bartosz"]
[Black "Kostecka, Marika"]
[Result "1-0"]
[WhiteTitle "I++"]
[BlackTitle "WCM"]
[WhiteElo "1897"]
[BlackElo "1834"]

1. d4 Nf6 2. c4 g6 3. Nf3 Bg7 4. g3 O-O 5. Bg2 d6 6. O-O Nc6 7. Nc3 e5 8. d5 Nb8
9. e4 a5 10. h3 Na6 11. Be3 b6 12. Qc2 Nd7 13. a3 Ndc5 14. Rab1 f5 15. b4 axb4
16. axb4 fxe4 17. Ng5 Nd3 18. Bxe4 Ndxb4 19. Qd2 Rb8 20. Nb5 Bf6 21. h4 Qe7 22.
Rxb4 Nxb4 23. Qxb4 Kg7 24. Ra1 h6 25. Ne6+ Bxe6 26. dxe6 Qxe6 27. Ra7 Qg4 28.
Rxc7+ Kh8 29. Nxd6 Bxh4 30. Nf7+ Rxf7 31. Rxf7 Bxg3 32. Rf8+ Rxf8 33. Qxf8+ Kh7
34. Qxh6+ 1-0

[Event "Druzynowe Mistrzostwa Polski w Szachach I LIGA 2021"]
[Site "Szklarska Poreba"]
[Date "1899-12-30"]
[Round "8.66"]
[White "Debowiak, Arleta"]
[Black "Dylag, Emilia"]
[Result "0-1"]
[WhiteTitle "k+"]
[BlackTitle "WFM"]
[WhiteElo "1898"]
[BlackElo "2065"]

1. e4 c5 2. Nf3 d6 3. d4 cxd4 4. Nxd4 Nf6 5. Nc3 a6 6. Be3 e5 7. Nb3 Be6 8. f3
Be7 9. Qd2 O-O 10. O-O-O Nbd7 11. g4 b5 12. g5 b4 13. gxf6 bxc3 14. Qxc3 Nxf6
15. Kb1 Qb8 16. Na5 Rc8 17. Nc6 Qb7 18. Nxe7+ Qxe7 19. Qa3 Rc6 20. Bb5 Rcc8 21.
Ba4 Ne8 22. Rhg1 Bd7 23. Bb3 Kh8 24. h4 a5 25. h5 h6 26. f4 exf4 27. Bd4 Qxe4
28. Bxf7 Bg4 29. Bxe8 Qxc2+ 30. Ka1 Qxd1+ 31. Rxd1 Bxd1 32. Bc3 Rc5 33. Bg6 f3
34. Kb1 f2 35. Bd3 Bxh5 36. Qa4 Rf8 37. Bf1 Bg6+ 38. Kc1 Rf7 39. Qh4 Kh7 40. Kd2
Rd5+ 41. Ke3 Rh5 42. Qc4 Rhf5 43. Qa6 Re7+ 44. Kd4 Rf4+ 45. Kd5 Bf7+ 46. Kc6 d5
47. Qd3+ Kg8 48. Kd6 Re6+ 49. Kd7 Rfe4 50. Qg3 d4 51. Bxa5 Re7+ 52. Kd6 R4e6+
53. Kc5 Re5+ 54. Kxd4 Rxa5 55. Qxf2 Rd5+ 56. Kc3 Rc7+ 57. Kb4 Rb7+ 58. Kc3 Rd8
59. b3 Rc8+ 60. Kb2 Rcb8 61. Qf5 Rb6 62. Bd3 Bg6 63. Qd5+ Kh7 64. Bxg6+ Kxg6 65.
Qe4+ Kf7 66. Qd5+ Kf8 67. Qc5+ Kg8 68. Qd5+ Kh8 69. Qe5 Rb5 70. Qe6 h5 71. Qe7
R8b7 72. Qd8+ Kh7 73. Kc2 g6 74. Qf6 Rb4 75. Qg5 Rg4 76. Qd5 Rc7+ 77. Kb2 h4 78.
a4 Kh6 79. a5 Rg5 80. Qd8 Rh7 81. Qf8+ Kh5 82. Qf3+ Rg4 83. a6 Kg5 84. a7 Rxa7
85. Qe3+ Rf4 86. Qxa7 h3 87. Qe7+ Kg4 88. Qe6+ Kg3 89. Qxg6+ Rg4 90. Qd3+ Kg2
91. Qe2+ Kg3 92. Qe1+ Kg2 93. Qe2+ Kg3 94. Qf1 h2 95. Kc3 Rf4 96. Qh1 Rf2 97.
Qd5 Rf3+ 98. Kc4 h1=Q 99. Qg5+ Kh2 100. Qh4+ Rh3 101. Qf4+ Kg2 102. Qe4+ Kf2 103.
Qf4+ Qf3 104. Qd4+ Kg3 105. Qg1+ Kf4 106. Qc1+ Kf5 107. Qc2+ Qe4+ 108. Qxe4+ Kxe4
109. b4 Rh1 110. b5 Rc1+ 111. Kb4 Ke5 0-1

[Event "Druzynowe Mistrzostwa Polski w Szachach I LIGA 2021"]
[Site "Szklarska Poreba"]
[Date "1899-12-30"]
[Round "8.67"]
[White "Kaczmarek, Aleksander"]
[Black "Fus, Jakub"]
[Result "0-1"]
[WhiteTitle "FM"]
[BlackTitle "FM"]
[WhiteElo "2368"]
[BlackElo "2376"]

1. e4 c5 2. Nf3 e6 3. d4 cxd4 4. Nxd4 Nf6 5. Nc3 Nc6 6. a3 Be7 7. f4 O-O 8. e5
Nd5 9. Nxd5 exd5 10. Nxc6 bxc6 11. Bd3 Qb6 12. c3 d6 13. Qc2 Re8 14. Bxh7+ Kh8
15. Bd3 dxe5 16. Qe2 e4 17. Be3 c5 18. Bb1 Ba6 19. Qh5+ Kg8 20. Ba2 Qxb2 21. Bxd5
Bh4+ 22. g3 Qxa1+ 23. Kf2 Qb2+ 24. Kg1 Re7 25. Bxa8 Be2 26. Qxc5 Bf3 27. Qc8+
Kh7 28. Qh3 Rd7 29. Bd4 e3 30. Qf1 Bxa8 31. gxh4 Rxd4 32. cxd4 e2 0-1

[Event "Druzynowe Mistrzostwa Polski w Szachach I LIGA 2021"]
[Site "Szklarska Poreba"]
[Date "1899-12-30"]
[Round "8.68"]
[White "Baum, Jonasz"]
[Black "Gahan, M G"]
[Result "1-0"]
[WhiteTitle "IM"]
[BlackTitle "FM"]
[WhiteElo "2254"]
[BlackElo "2279"]

1. d4 Nf6 2. c4 g6 3. f3 d5 4. cxd5 Nxd5 5. e4 Nb6 6. Nc3 Bg7 7. Be3 e5 8. d5 O-O
9. Qd2 c6 10. d6 Be6 11. O-O-O Nc4 12. Bxc4 Bxc4 13. h4 Nd7 14. h5 Nf6 15. g4
Re8 16. Nge2 Qa5 17. Ng3 Bxa2 18. Kc2 Be6 19. Bh6 Bh8 20. Nf5 Qb4 21. Kb1 Nd7
22. Nd5 1-0